Statistics for Thor The Dark World

Click here to take the quiz!

General Stats

  • This quiz has been taken 22 times
  • The average score is 4 of 6

Answer Stats

HintAnswer% Correct
Who faked their deathLoki
100%
What infinity stone was in the movieReality
88%
who is the main villainMalekith
69%
who is Stellan SkarsgardErik Selvig
56%
what did thor try to get but kept falling through portalsmjolnir
56%
Who was given the stoneCollector
31%

Score Distribution

Percentile by Number Answered

Percent of People with Each Score

Your Score History

You have not taken this quiz